Bih dānish-i buzurg va bih himmat-i buland : jashnʹnāmah-ʼi Ustād Aḥmad Samīʻī (Gīlānī) /

Saved in:
Bibliographic Details
Other Authors: Iqtiṣādīʹniyā, Sāyah, (Editor)
Format: Book
Language:Persian
Published: Tihrān : Intishārāt-i Hirmis, 1393 [2014 or 2015]
Edition:Chāp-i avval.
Series:Majmūʻah-ʼi adab-i fikr. Jashnʹnāmahʹhā va yādnāmahʹhā ; 8.
Subjects:
Tags: Add Tag
No Tags, Be the first to tag this record!
LEADER 02094cam a2200457 i 4500
001 014369575-4
005 20150826125010.0
008 150629s2014 ir b 010 0 per
010 |a  2015326525 
020 |a 9789643638542 
020 |a 9643638545 
035 0 |a ocn912508221 
037 |a Library of Congress -- Islamabad Overseas Office 
040 |a DLC  |b eng  |e rda  |c DLC  |d NOC  |d OCLCO 
042 |a lcode  |a pcc 
050 4 |a PK6406  |b .B54 2014 
245 0 0 |6 880-01  |a Bih dānish-i buzurg va bih himmat-i buland :  |b jashnʹnāmah-ʼi Ustād Aḥmad Samīʻī (Gīlānī) /  |c bih ihtimām-i Sāyah Iqtiṣādīʹniyā. 
250 |6 880-02  |a Chāp-i avval. 
264 1 |6 880-03  |a Tihrān :  |b Intishārāt-i Hirmis,  |c 1393 [2014 or 2015] 
300 |a 430 pages, 24 unnumbered pages :  |b illustrations (some color) ;  |c 25 cm. 
336 |a text  |2 rdacontent 
337 |a unmediated  |2 rdamedia 
338 |a volume  |2 rdacarrier 
490 1 |6 880-04  |a Majmūʻah-ʼi adab-i fikr. Jashnʹnāmahʹhā va yādnāmahʹhā ;  |v 8 
504 |a Includes bibliographical references. 
546 |a In Persian. 
650 0 |a Persian literature  |x History and criticism. 
650 0 |a Persian language. 
600 1 0 |6 880-05  |a Samīʻī, Aḥmad. 
700 1 |6 880-06  |a Iqtiṣādīʹniyā, Sāyah,  |e editor. 
752 |a Iran  |d Tehran. 
880 0 0 |6 245-01  |a به دانش بزرگ و به همت بلند :  |b جشن‌نامۀ استاد احمد سميعى (گيلانى) /  |c به اهتمام سايه اقتصادى‌نيا. 
880 |6 250-02  |a چاپ اول. 
880 1 |6 264-03  |a تهران :  |b انتشارات هرمس،  |c 1393 [2014 or 2015] 
880 1 |6 490-04  |a مجموعۀ ادب فکر. جشن‌نامه‌ها و يادنامه‌ها ؛  |v ٨ 
880 1 0 |6 600-05  |a سميعى، احمد. 
880 1 |6 700-06  |a اقتصادى‌نيا، سايه. 
830 0 |6 880-07  |a Majmūʻah-ʼi adab-i fikr.  |p Jashnʹnāmahʹhā va yādnāmahʹhā ;  |v 8. 
880 0 |6 830-07  |a مجموعۀ ادب فکر.  |p جشن‌نامه‌ها و يادنامه‌ها ؛  |v 8. 
988 |a 20150430 
906 |0 DLC